| 000 | 00668nam a2200193 a 4500 | ||
|---|---|---|---|
| 005 | 20231013063557.0 | ||
| 008 | 991125s1929 mx 000 0 spa u | ||
| 035 | _aUPN01000016380 | ||
| 049 | _aLT | ||
| 050 | 4 |
_aLB1583 M6 _bD4.4 1929 |
|
| 100 | 1 |
_aDelgadillo, Daniel, _d1872-1933 |
|
| 245 | 1 | 3 |
_aEl Distrito Federal : _bgeografía elemental / _cDaniel Delgadillo |
| 260 |
_aMéxico : _bHerrero, _c1929 |
||
| 300 |
_a48 p. : _bil. (algunas col |
||
| 505 | _aContiene: El Valle de México -- El Distrito Federal -- El Departamento Central -- Las Delegaciones | ||
| 650 | 4 |
_aGeografía _xEstudio y enseñanza (Elemental) _92801 |
|
| 904 |
_aAC _b016381 |
||
| 905 | _aLibro | ||
| 999 |
_c16380 _d16380 |
||